Κρήτη - Αίγυπτος : πολιτισμικοί δεσμοί : κατάλογος
Αποθηκεύτηκε σε:
| Συλλογικό Έργο: | , , , , |
|---|---|
| Άλλοι συγγραφείς: | |
| Μορφή: | Βιβλίο |
| Γλώσσα: | Greek |
| Δημοσίευση: |
Ηράκλειο :
Υπουργείο Πολιτισμού,
2000
|
| Θέματα: | |
| Ετικέτες: |
Προσθήκη ετικέτας
Δεν υπάρχουν, Καταχωρήστε ετικέτα πρώτοι!
|
MARC
| LEADER | 00000cam a2200000 i 4500 | ||
|---|---|---|---|
| 001 | 1/54654 | ||
| 008 | 070912s2000 gr | ||| |||| ||gre|| | ||
| 020 | |a 9607254937 | ||
| 035 | |l 10090638 | ||
| 040 | |a GR-MY-UA |b gre |e aacr | ||
| 041 | 0 | |a gre | |
| 082 | 0 | |a 913 |2 (22) | |
| 110 | 2 | |a Υπουργείο Πολιτισμού. | |
| 245 | 1 | 0 | |a Κρήτη - Αίγυπτος : |b πολιτισμικοί δεσμοί : κατάλογος / |c Υπουργείο Πολιτισμού. ΚΓ', ΚΔ', ΚΕ' Εφορείες Προϊστορικών και Κλασικών Αρχαιοτήτων ; επιστημονική επιμέλεια: Αλεξάνδρα Καρέτσου, Μαρία Ανδρεαδάκη-Βλαζάκη με την συνεργασία του Νίκου Παπαδάκη ; Αρχαιολογικό Μουσείο Ηρακλείου |
| 260 | |a Ηράκλειο : |b Υπουργείο Πολιτισμού, |c 2000 | ||
| 300 | |a 479 σ.; |b έγχρ. εικ., σχ., χαρτ.; |c 30 εκ. | ||
| 500 | |a Κατάλογος έκθεσης του Αρχαιολογικού Μουσείου Ηρακλείου, 21 Νοεμβρίου 1999 - 21 Σεπτεμβρίου 2000 | ||
| 504 | |a Βιβλιογραφία: σ. 455-479 | ||
| 610 | 2 | 0 | |a Αρχαιολογικό Μουσείο Ηρακλείου. |
| 651 | 0 | |a Crete (Greece) |x Antiquities |x Guidebooks. | |
| 651 | 0 | |a Egypt |x Antiquities |v Catalogs. | |
| 651 | 0 | |a Egypt |x Relations |z Greece |z Crete. | |
| 651 | 0 | |a Mediterranean Region |x Antiquities. | |
| 700 | 1 | |a Καρέτσου, Αλεξάνδρα. |4 edt | |
| 710 | 2 | |a Υπουργείο Πολιτισμού |b ΚΓ' Εφορεία Προϊστορικών και Κλασικών Αρχαιοτήτωv. | |
| 710 | 2 | |a Υπουργείο Πολιτισμού |b ΚΔ' Εφορεία Προϊστορικών και Κλασικών Αρχαιοτήτωv. | |
| 710 | 2 | |a Υπουργείο Πολιτισμού |b ΚΕ' Εφορεία Προϊστορικών και Κλασικών Αρχαιοτήτωv. | |
| 710 | 2 | |a Αρχαιολογικό Μουσείο Ηρακλείου. | |
| 852 | |a INST |b RHODES |e 20070912 |h 913 ΚΡΗ |p 005400025887 |q 005400025887 |t BK |y 0 | ||
| 901 | |a BIBL4-2007-3 | ||
| 909 | |a Ρ |b 138453 | ||
| 922 | |a 4ΕΛΗ |b 200708 |c ΕΠΕΑΕΚ2/ΤΜΣ |d Σ. ΠΑΤΑΚΗΣ | ||
| 970 | |a ΧΑΡΙΟΠΟΛΙΤΟΥ |b ΚΩΝΣΤΑΝΤΙΝΑ |z 2007/09/12 | ||